| 000 | 00325nam a2200121Ia 4500 | ||
|---|---|---|---|
| 008 | 190216s9999||||xx |||||||||||||| ||und|| | ||
| 100 | _aBarg J B | ||
| 245 | 0 | _aHistory Of Greece | |
| 260 |
_bModern Liberary _c1985 |
||
| 300 | _a882p | ||
| 650 | _aHistroy Of Chinese Civilization-Histroy Of Chinese Civilization | ||
| 942 | _cBK | ||
| 999 |
_c18676 _d18676 |
||